[Event "Staufer op 34th"]
[Site "Schwaebisch Gmuend"]
[Date "2024.01.04"]
[Round "5"]
[White "Pohle, Saskia"]
[Black "Ploetz, Werner"]
[Result "0-1"]
[WhiteElo "1787"]
[BlackElo "2232"]
[PlyCount "88"]
[EventDate "2024.01.02"]
[EventType "swiss"]
[EventRounds "9"]
[EventCountry "GER"]
[SourceTitle "CB02_2024"]
[SourceDate "2024.01.10"]
[SourceVersion "1"]
[SourceVersionDate "2024.01.10"]
[SourceQuality "1"]

1. e4 c5 2. Nf3 d6 3. d4 cxd4 4. Nxd4 Nf6 5. Nc3 a6 6. Bg5 e6 7. f4 h6 8. Bxf6 Qxf6 9. Qd2 g5 10. f5 Nc6 11. Nb3 Bd7 12. 0-0-0 Be7 13. Be2 h5 14. Rhf1 Qe5 15. h3 0-0-0 16. Qe3 Na5 17. Kb1 Nxb3 18. cxb3 Bc6 19. Rc1 Kb8 20. fxe6 fxe6 21. Rf7 Rd7 22. Qd3 Bf6 23. Rxd7 Bxd7 24. Rd1 Be7 25. Rf1 Bc6 26. Rf7 Bd8 27. Qe3 Ba5 28. Bd3 Bxc3 29. bxc3 Qxc3 30. Qf3 Rc8 31. Qd1 Qe5 32. Qe2 h4 33. Rf1 Be8 34. Qf2 Bg6 35. Re1 d5 36. Qf3 Rc3 37. Qe2 Rxd3 38. Qxd3 Bxe4 39. Rxe4 Qxe4 40. Qxe4 dxe4 41. Kc2 Kc7 42. Kc3 e5 43. Kd2 Kd6 44. Ke3 Kd5 0-1

[Event "Bodensee op"]
[Site "Bregenz"]
[Date "2023.05.20"]
[Round "8"]
[White "Matt, Fabian"]
[Black "Ploetz, Werner"]
[Result "1-0"]
[WhiteElo "2302"]
[BlackElo "2249"]
[PlyCount "55"]
[EventDate "2023.05.13"]
[EventType "swiss"]
[EventRounds "9"]
[EventCountry "AUT"]
[SourceTitle "CBM 215 Extra"]
[Source "ChessBase"]
[SourceDate "2023.09.30"]
[SourceVersion "1"]
[SourceVersionDate "2023.09.30"]
[SourceQuality "1"]

1. d4 Nf6 2. Nf3 e6 3. c4 b6 4. Bf4 Bb7 5. e3 Be7 6. h3 0-0 7. Nc3 d5 8. cxd5 Nxd5 9. Nxd5 Bxd5 10. Bd3 c5 11. 0-0 Nd7 12. e4 Bb7 13. d5 exd5 14. exd5 Bxd5 15. Bxh7+ Kxh7 16. Qxd5 Nf6 17. Qf5+ Kg8 18. Rfe1 Re8 19. Rad1 Qc8 20. Qc2 Bf8 21. Be5 Nd7 22. Ng5 g6 23. Nxf7 Kxf7 24. Qc4+ Re6 25. Bc3 Nf6 26. Rd8 Qxd8 27. Qxe6+ Kg7 28. g4 1-0

[Event "BL2-Sued 0001"]
[Site "Germany"]
[Date "2001.03.11"]
[Round "7.5"]
[White "Ploetz, Werner"]
[Black "Pieper, Thomas"]
[Result "1/2-1/2"]
[WhiteElo "2255"]
[BlackElo "2264"]
[PlyCount "71"]
[EventDate "2000.10.15"]
[EventType "team-tourn"]
[EventRounds "9"]
[EventCountry "GER"]
[SourceTitle "CBM 082 Extra"]
[Source "ChessBase"]
[SourceDate "2001.07.03"]
[SourceVersion "1"]
[SourceVersionDate "2001.07.03"]
[SourceQuality "1"]
[WhiteTeam "Bayern Muenchen"]
[BlackTeam "Ulm"]
[WhiteTeamCountry "GER"]
[BlackTeamCountry "GER"]

1. e4 e5 2. Nf3 Nc6 3. Bc4 Nf6 4. d3 Bc5 5. 0-0 a6 6. c3 d6 7. Bb3 0-0 8. Nbd2 Ba7 9. h3 Ne7 10. d4 Ng6 11. Re1 Qe7 12. Bc2 Nh5 13. Nxe5 dxe5 14. Qxh5 exd4 15. cxd4 Bxd4 16. Nf3 Bb6 17. Be3 Bxe3 18. Rxe3 h6 19. Rd1 c5 20. Bb3 Be6 21. Bxe6 Qxe6 22. Qxc5 Qxa2 23. Qb6 Nf4 24. h4 Rac8 25. g3 Ne6 26. Ra3 Qc4 27. Qxb7 Nc5 28. Qd5 Nxe4 29. Qxc4 Rxc4 30. Re1 Nc5 31. Re2 Rb8 32. Kg2 Rcb4 33. Ra5 Nd3 34. Rd2 Nxb2 35. Rxa6 Nc4 36. Re2 1/2-1/2

[Event "BL2-Sued 0001"]
[Site "Germany"]
[Date "2001.01.07"]
[Round "4.6"]
[White "Ploetz, Werner"]
[Black "Werner, Clemens"]
[Result "0-1"]
[WhiteElo "2255"]
[BlackElo "2336"]
[PlyCount "84"]
[EventDate "2000.10.15"]
[EventType "team-tourn"]
[EventRounds "9"]
[EventCountry "GER"]
[SourceTitle "CBM 082 Extra"]
[Source "ChessBase"]
[SourceDate "2001.07.03"]
[SourceVersion "1"]
[SourceVersionDate "2001.07.03"]
[SourceQuality "1"]
[WhiteTeam "Bayern Muenchen"]
[BlackTeam "Karlsruhe"]
[WhiteTeamCountry "GER"]
[BlackTeamCountry "GER"]

1. e4 c5 2. Nf3 d6 3. c3 Nf6 4. h3 Nc6 5. Bd3 Qc7 6. 0-0 d5 7. exd5 Nxd5 8. Bc4 Nb6 9. Bb5 e6 10. d4 Bd7 11. Re1 cxd4 12. cxd4 a6 13. Bf1 Bb4 14. Bd2 0-0 15. a3 Bxd2 16. Qxd2 Nd5 17. Nc3 Nxc3 18. Qxc3 Rac8 19. Rac1 Rfd8 20. Qe3 Qd6 21. Bd3 Be8 22. Rcd1 Qf8 23. Be4 Na5 24. d5 exd5 25. Bxd5 Bc6 26. Ba2 Bxf3 27. Qxf3 Nc6 28. Qb3 Rc7 29. Qf3 Nd4 30. Qg4 Rcd7 31. Rc1 Kh8 32. Rc3 f5 33. Qh5 f4 34. Bb1 g6 35. Bxg6 Re7 36. Re5 Qg7 37. Rxe7 Qxe7 38. Bd3 f3 39. gxf3 Rg8+ 40. Kh2 Qg7 41. Qg4 Qe5+ 42. f4 Rxg4 0-1

[Event "Oberliga Bayern 9697"]
[Site "Bayern"]
[Date "1997.??.??"]
[Round "?"]
[White "Bredl, Harald"]
[Black "Ploetz, Werner"]
[Result "1/2-1/2"]
[WhiteElo "2280"]
[BlackElo "2265"]
[PlyCount "77"]
[EventDate "1996.10.13"]
[EventType "team-tourn"]
[EventRounds "9"]
[EventCountry "GER"]
[SourceTitle "EXT 2020"]
[Source "ChessBase"]
[SourceDate "2019.10.17"]
[SourceVersion "1"]
[SourceVersionDate "2019.10.17"]
[SourceQuality "1"]
[WhiteTeam "Milbertshofen (SG Schwabing)"]
[BlackTeam "Muenchen FC Bayern"]
[WhiteTeamCountry "GER"]
[BlackTeamCountry "GER"]

1. d4 Nf6 2. Nc3 d5 3. Bg5 c5 4. Bxf6 gxf6 5. e3 cxd4 6. Qxd4 e6 7. Nge2 Nc6 8. Qh4 f5 9. Qxd8+ Kxd8 10. 0-0-0 Bd7 11. g3 Bg7 12. h4 Ke7 13. Nd4 Nxd4 14. exd4 Rhc8 15. Be2 a6 16. Rd2 Bh6 17. f4 Rg8 18. Rh3 Kd6 19. Bd3 Bg7 20. Ne2 Bb5 21. c3 Bxd3 22. Rxd3 b5 23. Rh1 Bf6 24. Rd2 Rgc8 25. Rc2 Be7 26. Kd2 a5 27. Kd3 Kd7 28. Re1 Bd6 29. Ke3 Rab8 30. Nc1 b4 31. Ne2 a4 32. Rec1 b3 33. axb3 Rxb3 34. Ra1 Rc4 35. Rf1 a3 36. bxa3 Ra4 37. Ra1 Rbxa3 38. Rxa3 Rxa3 39. Rb2 1/2-1/2

[Event "Oberliga Bayern 9697"]
[Site "Bayern"]
[Date "1997.??.??"]
[Round "?"]
[White "Oparaugo, Thomas"]
[Black "Ploetz, Werner"]
[Result "1-0"]
[WhiteElo "2081"]
[BlackElo "2265"]
[PlyCount "60"]
[EventDate "1996.10.13"]
[EventType "team-tourn"]
[EventRounds "9"]
[EventCountry "GER"]
[SourceTitle "EXT 2020"]
[Source "ChessBase"]
[SourceDate "2019.10.17"]
[SourceVersion "1"]
[SourceVersionDate "2019.10.17"]
[SourceQuality "1"]
[WhiteTeam "Goeggingen"]
[BlackTeam "Muenchen FC Bayern"]
[WhiteTeamCountry "GER"]
[BlackTeamCountry "GER"]

1. e4 c5 2. Nf3 d6 3. d4 cxd4 4. Qxd4 Nc6 5. Bb5 Bd7 6. Bxc6 Bxc6 7. Nc3 Nf6 8. Bg5 e6 9. 0-0-0 Be7 10. Rhe1 0-0 11. e5 dxe5 12. Qh4 Qc7 13. Nxe5 h6 14. Bxh6 gxh6 15. Qxh6 Nh7 16. f4 Bf6 17. Rd3 Bg7 18. Rg3 f6 19. Nxc6 bxc6 20. Ree3 Rf7 21. Rg6 Nf8 22. Rg4 f5 23. Rg5 Nh7 24. Rg6 Rf6 25. Reg3 Rxg6 26. Rxg6 Rd8 27. a3 Kh8 28. Qh4 Bxc3 29. Rxe6 Qd7 30. Kb1 Rb8 1-0

[Event "Oberliga Bayern 9596"]
[Site "Bayern"]
[Date "1996.??.??"]
[Round "?"]
[White "Ploetz, Werner"]
[Black "Schwarz, Michael"]
[Result "0-1"]
[WhiteElo "2260"]
[BlackElo "2410"]
[PlyCount "150"]
[EventDate "1995.10.15"]
[EventType "team-tourn"]
[EventRounds "9"]
[EventCountry "GER"]
[SourceTitle "EXT 2020"]
[Source "ChessBase"]
[SourceDate "2019.10.17"]
[SourceVersion "1"]
[SourceVersionDate "2019.10.17"]
[SourceQuality "1"]
[WhiteTeam "Muenchen FC Bayern"]
[BlackTeam "Hof SK"]
[WhiteTeamCountry "GER"]
[BlackTeamCountry "GER"]

1. e4 d6 2. d4 Nf6 3. Nc3 c6 4. f4 Qa5 5. Bd3 e5 6. dxe5 dxe5 7. f5 Nbd7 8. Qe2 Nc5 9. Bd2 Nxd3+ 10. Qxd3 Nd7 11. 0-0-0 b5 12. Kb1 f6 13. Qf3 Bc5 14. Qh5+ Kf8 15. Nf3 b4 16. Ne2 Ke7 17. Nc1 Qb5 18. Nh4 Ba6 19. g4 Qc4 20. g5 Qxe4 21. gxf6+ Nxf6 22. Qg5 Qg4 23. Rhe1 Kf7 24. Qxg4 Nxg4 25. Nf3 Rhe8 26. Nb3 Bf2 27. Re4 Nf6 28. Nxe5+ Kg8 29. Rf4 Bb6 30. Nxc6 Be2 31. Re1 Nd5 32. Rxb4 Nxb4 33. Bxb4 Bf2 34. Rc1 Kf7 35. Nbd4 Rac8 36. Bc3 a6 37. Nb4 Bc4 38. Nf3 a5 39. Nd3 Bxd3 40. cxd3 a4 41. Rf1 Be3 42. Ne5+ Kg8 43. Ng4 Bg5 44. Nf2 Re2 45. Ne4 Rg2 46. a3 Be7 47. h3 Rb8 48. Kc1 Rd8 49. Rf3 h6 50. f6 gxf6 51. Nxf6+ Bxf6 52. Rxf6 h5 53. Rf5 Rf8 54. Rxf8+ Kxf8 55. h4 Rh2 56. Bf6 Kf7 57. Bd8 Ke6 58. Kb1 Rd2 59. Kc1 Rxd3 60. Bg5 Kd5 61. Kb1 Kc4 62. Kc2 Rf3 63. Kd2 Rf2+ 64. Ke3 Rxb2 65. Kf4 Rf2+ 66. Kg3 Rf7 67. Be3 Kd3 68. Bc5 Ke4 69. Bb4 Rf3+ 70. Kg2 Rb3 71. Bd6 Kf5 72. Be7 Kg6 73. Kf2 Rb7 74. Bg5 Rb2+ 75. Kg3 Rb3+ 0-1

[Event "Oberliga Bayern 9596"]
[Site "Bayern"]
[Date "1996.??.??"]
[Round "?"]
[White "Ploetz, Werner"]
[Black "Tischer, Guenter"]
[Result "1-0"]
[WhiteElo "2260"]
[BlackElo "2306"]
[PlyCount "95"]
[EventDate "1995.10.15"]
[EventType "team-tourn"]
[EventRounds "9"]
[EventCountry "GER"]
[SourceTitle "EXT 2020"]
[Source "ChessBase"]
[SourceDate "2019.10.17"]
[SourceVersion "1"]
[SourceVersionDate "2019.10.17"]
[SourceQuality "1"]
[WhiteTeam "Muenchen FC Bayern"]
[BlackTeam "Nuernberg Noris Tarrasch"]
[WhiteTeamCountry "GER"]
[BlackTeamCountry "GER"]

1. e4 e6 2. d3 c5 3. Nf3 Nc6 4. g3 g6 5. Bg2 Bg7 6. 0-0 Nge7 7. c3 d5 8. Nbd2 b6 9. Re1 Qc7 10. exd5 Nxd5 11. d4 cxd4 12. Nxd4 Nxd4 13. Bxd5 Nc6 14. Nc4 0-0 15. Bf4 e5 16. Nxe5 Bxe5 17. Rxe5 Nxe5 18. Bxa8 g5 19. Bxe5 Qxe5 20. Qd5 Qf6 21. Qf3 Kg7 22. Rd1 Be6 23. b3 Qxf3 24. Bxf3 Kf6 25. Be4 h6 26. f3 Ke5 27. Kf2 f5 28. Bd3 Rc8 29. Re1+ Kf6 30. Rc1 f4 31. Rc2 Rd8 32. Be4 Rd1 33. gxf4 gxf4 34. Ke2 Rh1 35. Kd3 Rf1 36. c4 Bf5 37. c5 Rxf3+ 38. Kd4 Rf1 39. Bxf5 Kxf5 40. c6 Rd1+ 41. Kc4 Rd8 42. c7 Rc8 43. Kd5 f3 44. Kc6 Ke4 45. Kb7 Rf8 46. c8Q Rxc8 47. Rxc8 f2 48. Rf8 1-0

[Event "Oberliga Bayern 9596"]
[Site "Bayern"]
[Date "1995.??.??"]
[Round "?"]
[White "Ploetz, Werner"]
[Black "Speckner, Roland"]
[Result "0-1"]
[WhiteElo "2260"]
[BlackElo "2310"]
[PlyCount "98"]
[EventDate "1995.10.15"]
[EventType "team-tourn"]
[EventRounds "9"]
[EventCountry "GER"]
[SourceTitle "EXT 2020"]
[Source "ChessBase"]
[SourceDate "2019.10.17"]
[SourceVersion "1"]
[SourceVersionDate "2019.10.17"]
[SourceQuality "1"]
[WhiteTeam "Muenchen FC Bayern"]
[BlackTeam "Regensburg Fortuna"]
[WhiteTeamCountry "GER"]
[BlackTeamCountry "GER"]

1. e4 e5 2. Nf3 d6 3. d4 Nd7 4. Bc4 c6 5. c3 b5 6. Bb3 Bb7 7. 0-0 Be7 8. a4 a6 9. Ng5 Bxg5 10. Qh5 Qe7 11. Bxg5 Ngf6 12. Qe2 h6 13. Bh4 Nf8 14. Nd2 Ng6 15. Bg3 h5 16. f4 exd4 17. cxd4 h4 18. Be1 h3 19. g3 Nf8 20. Bf2 Ne6 21. e5 dxe5 22. fxe5 Nd5 23. Ne4 Rd8 24. Nd6+ Rxd6 25. exd6 Qxd6 26. Qe5 Qd8 27. Bxd5 cxd5 28. axb5 0-0 29. bxa6 Bc6 30. Be3 Qb6 31. Rf2 Ra8 32. Qf5 Ra7 33. Qxh3 Qb3 34. Ra3 Qb4 35. Qg4 Bb5 36. Kg2 Qe1 37. Bd2 Qb1 38. Bb4 Bd3 39. Bc5 Be4+ 40. Kh3 Qc1 41. Rf4 g5 42. Qe2 Nxf4+ 43. gxf4 Qxf4 44. Qh5 Qf1+ 45. Kg4 Qe2+ 46. Kxg5 f6+ 47. Kh4 Rh7 48. Qxh7+ Kxh7 49. a7 Qxh2+ 0-1

[Event "Oberliga Bayern 9596"]
[Site "Bayern"]
[Date "1995.??.??"]
[Round "?"]
[White "Ploetz, Werner"]
[Black "Wagner, Anselm"]
[Result "1/2-1/2"]
[WhiteElo "2260"]
[BlackElo "2370"]
[PlyCount "53"]
[EventDate "1995.10.15"]
[EventType "team-tourn"]
[EventRounds "9"]
[EventCountry "GER"]
[SourceTitle "EXT 2020"]
[Source "ChessBase"]
[SourceDate "2019.10.17"]
[SourceVersion "1"]
[SourceVersionDate "2019.10.17"]
[SourceQuality "1"]
[WhiteTeam "Muenchen FC Bayern"]
[BlackTeam "Pasing"]
[WhiteTeamCountry "GER"]
[BlackTeamCountry "GER"]

1. e4 e6 2. d3 d5 3. Nd2 Nf6 4. Ngf3 Be7 5. g3 dxe4 6. dxe4 b6 7. e5 Nfd7 8. Bg2 Ba6 9. c4 Bb7 10. 0-0 Nc6 11. Qe2 Nc5 12. Nb3 Qd3 13. Qxd3 Nxd3 14. Nfd4 Nd8 15. f4 Bxg2 16. Kxg2 a6 17. Rd1 Nc5 18. Be3 0-0 19. Rac1 Nxb3 20. Nxb3 Nc6 21. Rd7 Rac8 22. c5 Rfd8 23. Rxd8+ Bxd8 24. cxb6 cxb6 25. Kf3 Kf8 26. Ke4 Ke8 27. g4 1/2-1/2

[Event "BL2-Sued 9394"]
[Site "Germany"]
[Date "1994.??.??"]
[Round "?.3"]
[White "Mandel, Andreas"]
[Black "Ploetz, Werner"]
[Result "1/2-1/2"]
[WhiteElo "2370"]
[BlackElo "2250"]
[PlyCount "148"]
[EventDate "1993.10.??"]
[EventType "team-tourn"]
[EventRounds "9"]
[EventCountry "GER"]
[SourceTitle "GER-chT2"]
[Source "ChessBase"]
[SourceDate "1999.07.01"]
[SourceVersion "1"]
[SourceVersionDate "1999.07.01"]
[SourceQuality "1"]
[WhiteTeam "Viernheim"]
[BlackTeam "Bayern Muenchen II"]
[WhiteTeamCountry "GER"]
[BlackTeamCountry "GER"]

1. d4 Nf6 2. Nf3 e6 3. c4 b6 4. g3 Ba6 5. b3 Bb4+ 6. Bd2 Be7 7. Bg2 c6 8. Bc3 d5 9. Nbd2 0-0 10. 0-0 Nbd7 11. Re1 Rc8 12. e4 Bb7 13. Qe2 dxe4 14. Ne5 c5 15. Nxd7 Qxd7 16. dxc5 e3 17. Qxe3 Bxg2 18. Kxg2 Qc6+ 19. Qf3 Bxc5 20. Qxc6 Rxc6 21. Rad1 Be7 22. Ne4 Nxe4 23. Rxe4 Rc7 24. Be5 Rb7 25. Red4 f6 26. Rd7 Rxd7 27. Rxd7 Bc5 28. Bd6 Bxd6 29. Rxd6 e5 30. Kf3 f5 31. Rd5 Re8 32. Rd7 g5 33. Rxa7 Rd8 34. Ke2 e4 35. Re7 Rd3 36. Re5 Rf3 37. Rb5 Kg7 38. Rxb6 Rc3 39. Rd6 Kf7 40. Rd2 Ke6 41. Rb2 f4 42. a4 Ke5 43. a5 Rc1 44. Kd2 Ra1 45. Kc3 Rxa5 46. Kb4 Ra8 47. c5 e3 48. gxf4+ gxf4 49. fxe3 fxe3 50. Kc4 Rd8 51. Re2 Ke4 52. b4 Rd2 53. Re1 Rxh2 54. c6 Rc2+ 55. Kb5 e2 56. Kb6 Kd5 57. c7 Kd6 58. Rxe2 Rc6+ 59. Kb5 Rxc7 60. Rh2 Rg7 61. Kb6 Kd7 62. Rc2 Ke6 63. b5 h5 64. Kc6 Rg4 65. Rc5 h4 66. b6 h3 67. Rh5 Rc4+ 68. Kb5 Rc3 69. Kb4 Rc2 70. Rxh3 Kd7 71. Rh8 Rc8 72. Rh6 Rg8 73. Kb5 Kc8 74. Ka6 Kb8 1/2-1/2

[Event "BL2-Sued 9394"]
[Site "Germany"]
[Date "1994.??.??"]
[Round "?.4"]
[White "Ploetz, Werner"]
[Black "Carstens, Andreas"]
[Result "1-0"]
[WhiteElo "2250"]
[BlackElo "2325"]
[PlyCount "75"]
[EventDate "1993.10.??"]
[EventType "team-tourn"]
[EventRounds "9"]
[EventCountry "GER"]
[SourceTitle "GER-chT2"]
[Source "ChessBase"]
[SourceDate "1999.07.01"]
[SourceVersion "1"]
[SourceVersionDate "1999.07.01"]
[SourceQuality "1"]
[WhiteTeam "Bayern Muenchen II"]
[BlackTeam "Sindelfingen"]
[WhiteTeamCountry "GER"]
[BlackTeamCountry "GER"]

1. e4 e6 2. d3 d5 3. Nd2 Nf6 4. Ngf3 dxe4 5. dxe4 Bc5 6. Bc4 Nc6 7. 0-0 e5 8. c3 a6 9. b4 Bd6 10. Qe2 0-0 11. Rd1 Qe7 12. Nf1 Nd8 13. Ng3 Be6 14. Nh4 Ne8 15. Nhf5 Bxf5 16. exf5 Qh4 17. Ne4 Nf6 18. Bd3 Nxe4 19. Bxe4 a5 20. Rd3 axb4 21. Rh3 Qf6 22. Qg4 Be7 23. cxb4 Nc6 24. Be3 Kh8 25. Qh5 h6 26. g4 Nd4 27. g5 Qd6 28. f6 Bxf6 29. gxf6 Qxf6 30. Kh1 Ne6 31. Rf3 Nf4 32. Qf5 Qxf5 33. Bxf5 Ra3 34. Be4 b6 35. Bxf4 Rxf3 36. Bxf3 exf4 37. a4 g5 38. a5 1-0

[Event "Oberliga Bayern 9495"]
[Site "Bayern"]
[Date "1994.??.??"]
[Round "?.3"]
[White "Ploetz, Werner"]
[Black "Grabert, Ralf"]
[Result "1-0"]
[WhiteElo "2250"]
[BlackElo "2220"]
[PlyCount "93"]
[EventDate "1994.10.09"]
[EventType "team-tourn"]
[EventRounds "9"]
[EventCountry "GER"]
[SourceTitle "EXT 1999"]
[Source "ChessBase"]
[SourceDate "1998.11.16"]
[SourceVersion "1"]
[SourceVersionDate "1998.11.16"]
[SourceQuality "1"]
[WhiteTeam "Muenchen FC Bayern II"]
[BlackTeam "Regensburg Fortuna"]
[WhiteTeamCountry "GER"]
[BlackTeamCountry "GER"]

1. e4 c5 2. Nf3 e6 3. d3 Nc6 4. g3 d5 5. Nbd2 g6 6. Bg2 Bg7 7. 0-0 Nge7 8. Re1 h6 9. h4 b6 10. c3 a5 11. Nf1 Ra7 12. e5 0-0 13. a4 f5 14. exf6 Rxf6 15. Bf4 Qf8 16. Qd2 g5 17. hxg5 hxg5 18. Nxg5 Ng6 19. Be3 Qd6 20. d4 Rf5 21. f4 Ba6 22. dxc5 bxc5 23. Nxe6 Qxe6 24. g4 Rff7 25. f5 Qd6 26. Bxd5 Qxd5 27. Qxd5 Nge5 28. Bxc5 Rad7 29. Rxe5 Rxd5 30. Rxd5 Ne5 31. Ne3 Bb7 32. Rd8+ Kh7 33. Rad1 Bf6 34. Rb8 Nf3+ 35. Kf2 Be4 36. Rh1+ Kg7 37. Rhh8 Rd7 38. Rbg8+ Kf7 39. Rf8+ Kg7 40. Rfg8+ Kf7 41. Rh7+ Kxg8 42. Rxd7 Ne5 43. Rc7 Nd3+ 44. Ke2 Nxb2 45. Bd4 Bh4 46. g5 Nd3 47. g6 1-0

[Event "BL2-Sued 9394"]
[Site "Germany"]
[Date "1994.??.??"]
[Round "?.3"]
[White "Ploetz, Werner"]
[Black "Wilde, Pierre"]
[Result "1/2-1/2"]
[WhiteElo "2250"]
[BlackElo "2295"]
[PlyCount "50"]
[EventDate "1993.10.??"]
[EventType "team-tourn"]
[EventRounds "9"]
[EventCountry "GER"]
[SourceTitle "GER-chT2"]
[Source "ChessBase"]
[SourceDate "1999.07.01"]
[SourceVersion "1"]
[SourceVersionDate "1999.07.01"]
[SourceQuality "1"]
[WhiteTeam "Bayern Muenchen II"]
[BlackTeam "Stuttgart"]
[WhiteTeamCountry "GER"]
[BlackTeamCountry "GER"]

1. e4 c6 2. d4 d5 3. exd5 cxd5 4. Bd3 Nc6 5. c3 Qc7 6. Bg5 Nf6 7. Nd2 Bg4 8. Qb3 e6 9. Ngf3 Bd6 10. 0-0 Bh5 11. Rfe1 Bg6 12. c4 Bxd3 13. Qxd3 dxc4 14. Qxc4 Nb4 15. Bxf6 gxf6 16. Ne4 Ke7 17. Qb3 Rac8 18. a3 Nd5 19. Nc3 Nxc3 20. bxc3 Qxc3 21. Qxb7+ Rc7 22. Qe4 Qc2 23. d5 Qxe4 24. Rxe4 Rhc8 25. Rae1 Rc1 1/2-1/2

[Event "BL2-Sued 9394"]
[Site "Germany"]
[Date "1994.??.??"]
[Round "?.3"]
[White "Schneider, Bernd2222"]
[Black "Ploetz, Werner"]
[Result "0-1"]
[WhiteElo "2395"]
[BlackElo "2250"]
[PlyCount "106"]
[EventDate "1993.10.??"]
[EventType "team-tourn"]
[EventRounds "9"]
[EventCountry "GER"]
[SourceTitle "GER-chT2"]
[Source "ChessBase"]
[SourceDate "1999.07.01"]
[SourceVersion "1"]
[SourceVersionDate "1999.07.01"]
[SourceQuality "1"]
[WhiteTeam "Eppingen"]
[BlackTeam "Bayern Muenchen II"]
[WhiteTeamCountry "GER"]
[BlackTeamCountry "GER"]

1. e4 c5 2. Nf3 d6 3. c4 e5 4. Be2 Ne7 5. 0-0 g6 6. Nc3 Bg7 7. d3 0-0 8. Nd5 Nbc6 9. a3 Be6 10. Rb1 Kh8 11. b4 b6 12. b5 Nd4 13. Nxd4 cxd4 14. a4 f5 15. Bd2 f4 16. a5 Nxd5 17. cxd5 Bd7 18. Bg4 Be8 19. Be6 f3 20. Qc1 Bd7 21. Bg5 Qe8 22. h3 Rc8 23. Qa3 Bxe6 24. dxe6 Qxe6 25. Rbc1 fxg2 26. Kxg2 h6 27. Bd2 d5 28. f3 dxe4 29. fxe4 g5 30. Rc6 Qd7 31. Rxc8 Rxc8 32. axb6 axb6 33. Qb3 g4 34. Rf5 gxh3+ 35. Kxh3 Rf8 36. Qd5 Qxd5 37. Rxf8+ Bxf8 38. exd5 Kg7 39. Kg4 Kf6 40. Be1 h5+ 41. Kf3 Ke7 42. Ke4 Bg7 43. Bb4+ Kd7 44. Kf5 h4 45. Kg4 Bf6 46. Ba3 Be7 47. Bc1 Bb4 48. Kxh4 Kd6 49. Kg4 Kxd5 50. Kf5 Kc5 51. Kxe5 Bc3 52. Bg5 Kxb5 53. Kd5 Ka4 0-1

[Event "BL2-Ost 9293"]
[Site "Germany"]
[Date "1992.??.??"]
[Round "?.4"]
[White "Becker, Michael"]
[Black "Ploetz, Werner"]
[Result "0-1"]
[WhiteElo "2320"]
[BlackElo "2235"]
[PlyCount "100"]
[EventDate "1992.10.??"]
[EventType "team-tourn"]
[EventRounds "9"]
[EventCountry "GER"]
[SourceTitle "GER-chT2"]
[Source "ChessBase"]
[SourceDate "1999.07.01"]
[SourceVersion "1"]
[SourceVersionDate "1999.07.01"]
[SourceQuality "1"]
[WhiteTeam "Halle"]
[BlackTeam "Bayern Muenchen II"]
[WhiteTeamCountry "GER"]
[BlackTeamCountry "GER"]

1. e4 c5 2. Nf3 d6 3. g3 e5 4. Bg2 Nc6 5. c3 g6 6. d4 cxd4 7. cxd4 Bg4 8. dxe5 dxe5 9. Qxd8+ Rxd8 10. 0-0 Bb4 11. Be3 f6 12. Nc3 Nge7 13. h3 Be6 14. a3 Bxc3 15. bxc3 b6 16. Rfd1 Kf7 17. Bf1 Na5 18. Rxd8 Rxd8 19. Nd2 Rc8 20. Rc1 Nc4 21. Nxc4 Bxc4 22. f3 Ke6 23. Kf2 Bxf1 24. Kxf1 Rc4 25. Ke2 Nc8 26. Kd3 Nd6 27. Ra1 Ra4 28. Bc1 f5 29. exf5+ gxf5 30. Ra2 e4+ 31. fxe4 fxe4+ 32. Kc2 b5 33. Kb3 Rc4 34. Bf4 Nb7 35. Be3 Nc5+ 36. Bxc5 Rxc5 37. a4 a6 38. axb5 axb5 39. Re2 Rc4 40. Re3 Ke5 41. Re1 h5 42. Re2 h4 43. gxh4 Kf4 44. Rf2+ Kg3 45. Rf5 e3 46. Rg5+ Kf3 47. Rf5+ Rf4 48. Re5 Re4 49. Rf5+ Kg2 50. Rg5+ Kh2 0-1

[Event "BL2-Ost 9192"]
[Site "Germany"]
[Date "1992.??.??"]
[Round "?"]
[White "Ploetz, Werner"]
[Black "Goldberg, Alexander"]
[Result "1-0"]
[WhiteElo "2245"]
[BlackElo "2350"]
[PlyCount "61"]
[EventDate "1991.10.??"]
[EventType "team-tourn"]
[EventRounds "9"]
[EventCountry "GER"]
[SourceTitle "GER-chT2"]
[Source "ChessBase"]
[SourceDate "1999.07.01"]
[SourceVersion "1"]
[SourceVersionDate "1999.07.01"]
[SourceQuality "1"]

1. e4 e5 2. Nf3 Nc6 3. Bc4 Nf6 4. d3 h6 5. 0-0 d6 6. c3 g6 7. Re1 Bg7 8. Nbd2 0-0 9. Bb3 Qe7 10. d4 exd4 11. cxd4 Nh5 12. e5 dxe5 13. Nxe5 Nxe5 14. dxe5 Nf4 15. Qf3 Ne6 16. Qe3 Bd7 17. Nf3 Bc6 18. Bd2 Rad8 19. Bc3 b6 20. Rad1 Bb7 21. Nd4 Nxd4 22. Bxd4 c5 23. e6 fxe6 24. Bxe6+ Rf7 25. Bxf7+ Qxf7 26. Bxg7 Rxd1 27. Rxd1 Kxg7 28. Qe5+ Kh7 29. Rd8 g5 30. Qd6 Qc4 31. Rd7+ 1-0

[Event "BL2-Ost 9293"]
[Site "Germany"]
[Date "1992.??.??"]
[Round "?.5"]
[White "Ploetz, Werner"]
[Black "Pribyl, Martin"]
[Result "0-1"]
[WhiteElo "2235"]
[BlackElo "2265"]
[PlyCount "136"]
[EventDate "1992.10.??"]
[EventType "team-tourn"]
[EventRounds "9"]
[EventCountry "GER"]
[SourceTitle "GER-chT2"]
[Source "ChessBase"]
[SourceDate "1999.07.01"]
[SourceVersion "1"]
[SourceVersionDate "1999.07.01"]
[SourceQuality "1"]
[WhiteTeam "Bayern Muenchen II"]
[BlackTeam "Bamberg"]
[WhiteTeamCountry "GER"]
[BlackTeamCountry "GER"]

1. e4 d6 2. d4 Nf6 3. Nc3 c6 4. f4 Qa5 5. Bd3 e5 6. dxe5 dxe5 7. f5 b5 8. Be3 b4 9. Nb1 Ba6 10. Nd2 Bxd3 11. cxd3 Qb5 12. Qe2 Nbd7 13. Nh3 Bc5 14. Nf2 Rd8 15. Rc1 0-0 16. 0-0 Bb6 17. Nc4 Bxe3 18. Qxe3 Nb6 19. b3 Rd4 20. Nd2 Nfd7 21. f6 Nxf6 22. Nf3 Rd6 23. Rc5 Qa6 24. Rxe5 Qxa2 25. Nd4 Qb2 26. Nf5 Qxe5 27. Qg5 Nfd7 28. Ng4 Rg6 29. Ne7+ Qxe7 30. Qxe7 Rxg4 31. Ra1 Rg6 32. Qxb4 c5 33. Qc3 Ra8 34. h3 Rd6 35. Rd1 Rd4 36. Qe1 f6 37. Qe2 Ne5 38. Qc2 Nbd7 39. Rd2 a5 40. Rd1 a4 41. bxa4 Rdxa4 42. Qb3+ Kh8 43. Qd5 Rb8 44. d4 cxd4 45. Rxd4 Rxd4 46. Qxd4 Re8 47. Qa4 Kg8 48. Qb3+ Nf7 49. Qd5 Nde5 50. Qb5 Nd6 51. Qd5+ Nef7 52. Qc6 Rxe4 53. Qa8+ Re8 54. Qd5 f5 55. Qb3 h6 56. Qd5 Kh7 57. Qf3 Ng5 58. Qd5 Nge4 59. Kh2 Rf8 60. Kg1 Rf6 61. Kh2 f4 62. Qd3 Kh8 63. Qf3 Ng3 64. Qa8+ Kh7 65. Qd5 Ndf5 66. Qd3 Rd6 67. Qc2 Nf1+ 68. Kg1 N1e3 0-1